1676 1366 1131 1407 1911 1072 1360 1369 1560 1108 1717 1520 1304 1759 1124 1658 1282 1866 1956 1640 1696 1570 1946 1706 1476 1293 1874 1423 1788 1952 1626 1712 1635 1322 1851 1458 1675 1602 1966 1125 1122 1635 1232 1174 1238 1932 1737 1773 1221 1963 1057 1618 1447 1353 1527 1855 1898 1645 1547 1150 1946 1650 1726 1053 1518 1018 1435 1308 1856 1295 1139 1031 1639 1166 1496 1971 1398 1124 1042 1070 1193 1136 1726 1512 1105 1964 1958 1280 1672 1783 1762 1610 1374 1283 1913 1978 1443 1736 1558 BCNSPRNW ULIB Ver.6.0+V

เปลี่ยนเป็นภาษาไทย

Change to English
 แสดงรายละเอียดบรรณานุกรม
  กลับหน้าหลัก

Brief Record : Get Marc (ISO 2709) : E-mail record : QR code < ปิดหน้าต่าง
LEADER : 00000nam 2200000uu 4500
001    13399109923
003     ULIB
008    110418s2551||||th 000 0 tha d
020    9748316386
060 04 WT100^bบ184ก 2551
100 0  บรรลุ ศิริพานิช
245 10 การออกกำลังกายเพื่อสุขภาพสำหรับผู้สูงอายุ /^cบรรลุ ศิริพานิช
250    พิมพ์ครั้งที่ 8
260    กรุงเทพฯ :^bหมอชาวบ้าน,^c2551
300    184 หน้า :^bภาพประกอบ ;^c21 ซม.
650  7 ผู้สูงอายุ
650  7 ผู้สูงอายุ^xสุขภาพอนามัย
650  7 ผู้สูงอายุ^xการดูแล
650  7 การออกกำลังกาย
945    ^p95^l0^i023846
945    ^p95^l0^i023845
995    เกษร
999    ^aใช้งานได้ทุกระบบ
รายการนี้ยังไม่มีแท็ก
คุณยังไม่ได้ล็อกอิน คุณสามารถมีกิจกรรมร่วมกับเว็บไซต์ได้ แต่ต้องล็อกอินก่อน ::
  ล็อกอิน

รายการสื่อสารสนเทศ

ลำดับที่ ประเภท เลขเรียก/บาร์โค้ด สถานที่ สถานะ
- ไม่พบข้อมูล -

รายการใกล้เคียง
    ผู้แต่ง [บรรลุ ศิริพานิช]

    หัวเรื่อง [ผู้สูงอายุ]
    หัวเรื่อง [ผู้สูงอายุ การดูแล]
    หัวเรื่อง [การออกกำลังกาย]

BibComment


ยังไม่เคยถูกคอมเมนท์

คอมเมนท์ทรัพยากรรายการนี้
  คอมเมนท์: การออกกำลังกายเพื..


 Copyright 2026. Bcnsprnw @Library